000 00773nam a22002292 4500
001 0000009551
005 20151021151122.0
008 081109s xx 000 0 eng d
020 _a9966846948 :
_cKES 1200
040 _aKABU
_cKABU
245 1 0 _aGovernance and transition politics in Kenya /
_ceditors, Peter Wanyande, Mary Omosa, Chweya Lukedi.
260 _aNairobi :
_bNairobi University Press,
_c2007.
300 _axix, 311 p.
650 0 _aDemocracy
_zKenya.
_@0000153228
651 0 _aKenya
_xPolitics and government.
_@0000149793
700 1 _aWanyande, Peter.
_@0000153239
700 1 _aOmosa, Mary.
_@0000161212
700 1 _aLukedi, Chweya.
_@0000161215
908 _a081109
950 _@1
999 _c854
_d854